[Event "13. Ciudad de Dos Hermanas C"]
[Site "Dos Hermanas ESP"]
[Date "2005.04.06"]
[Round "6.4"]
[White "Hidalgo Begines, Pablo"]
[Black "Komljenovic, Davor"]
[Result "0-1"]
[WhiteElo "2142"]
[BlackElo "2477"]
[PlyCount "120"]
[EventDate "2005.04.01"]
[EventType "tourn"]
[EventRounds "1"]
[EventCountry "ESP"]
[Source "lmi"]
[SourceDate "2005.04.09"]

1. d4 d6 2. g3 Nf6 3. Bg2 g6 4. e4 Bg7 5. Ne2 O-O 6. O-O e5 7. dxe5 dxe5 8.
Qxd8 Rxd8 9. Nbc3 c6 10. h3 Nbd7 11. Be3 Re8 12. a4 a5 13. Rfd1 Bf8 14. Nc1 Nc5
15. Nd3 Nfd7 16. Ne2 b6 17. Nec1 Ba6 18. Nxc5 Nxc5 19. Nb3 Rad8 20. Nxc5 Bxc5
21. Bg5 Rd4 22. c3 Rxd1+ 23. Rxd1 Bc4 24. Rd7 Kg7 25. g4 h6 26. Bh4 g5 27. Bg3
Bb3 28. Bf1 Kf6 29. Kg2 Bxa4 30. Bc4 Re7 31. Rd8 b5 32. Ba2 b4 33. cxb4 axb4
34. Bc4 Bc2 35. Rc8 Bd4 36. Rxc6+ Kg7 37. Bd5 b3 38. Rc8 Rd7 39. Rb8 Bxb2 40.
Bxb3 Bxe4+ 41. Kh2 Bd4 42. Rb5 f6 43. Bc4 Bf3 44. Bf1 h5 45. gxh5 Bxh5 46. Bg2
Be2 47. Rb7 Rxb7 48. Bxb7 f5 49. Kg2 f4 50. Bh2 Kf6 51. Be4 Ke6 52. Bg1 Kd6 53.
f3 Bxg1 54. Kxg1 Bc4 55. Kg2 Be6 56. Bd3 Kc5 57. Bf1 Bc4 58. Kf2 Bxf1 59. Kxf1
Kd4 60. Ke2 Kc3 0-1

[Event "13. Ciudad de Dos Hermanas C"]
[Site "Dos Hermanas ESP"]
[Date "2005.04.07"]
[Round "7.5"]
[White "Fernandez Garcia, Jose Luis"]
[Black "Garrido Dominguez, Jesus"]
[Result "1-0"]
[WhiteElo "2468"]
[BlackElo "2315"]
[PlyCount "51"]
[EventDate "2005.04.01"]
[EventType "tourn"]
[EventRounds "1"]
[EventCountry "ESP"]
[Source "lmi"]
[SourceDate "2005.04.09"]

1. e4 c5 2. Nf3 g6 3. d4 cxd4 4. Nxd4 Bg7 5. c4 Nc6 6. Be3 Nf6 7. Nc3 O-O 8.
Be2 b6 9. O-O Bb7 10. Nxc6 Bxc6 11. f3 e6 12. Rc1 Qe7 13. Qd2 Rad8 14. Bh6 d5
15. Bxg7 Kxg7 16. e5 Nd7 17. cxd5 Nxe5 18. f4 Qc5+ 19. Rf2 Nc4 20. Bxc4 Qxc4
21. b3 Qa6 22. Ne4 exd5 23. Nf6 Kxf6 24. Qd4+ Ke7 25. Rxc6 Rd7 26. Qf6+ 1-0

[Event "13. Ciudad de Dos Hermanas C"]
[Site "Dos Hermanas ESP"]
[Date "2005.04.08"]
[Round "8.1"]
[White "Escobar Dominguez, Daniel"]
[Black "Garrido Dominguez, Jesus"]
[Result "1-0"]
[WhiteElo "2351"]
[BlackElo "2315"]
[PlyCount "59"]
[EventDate "2005.04.01"]
[EventType "tourn"]
[EventRounds "1"]
[EventCountry "ESP"]
[Source "lmi"]
[SourceDate "2005.04.09"]

1. e4 c5 2. Nf3 g6 3. d4 cxd4 4. Nxd4 Bg7 5. Nc3 Nc6 6. Be3 Nf6 7. Bc4 O-O 8.
Bb3 d6 9. f3 Bd7 10. h4 h5 11. Qd2 Na5 12. O-O-O Nxb3+ 13. cxb3 Qa5 14. Kb1
Rfc8 15. Bg5 Qc5 16. a3 b5 17. Bxf6 Bxf6 18. Nd5 Kg7 19. Ne2 Be6 20. Nef4 Be5
21. Nxe6+ fxe6 22. Nxe7 Rf8 23. Rc1 Qb6 24. Rc6 Qb7 25. Rhc1 Bf4 26. Qc3+ Be5
27. Rc7 Bxc3 28. Rxb7 Bf6 29. Nf5+ Kg8 30. Nh6+ 1-0

[Event "13. Ciudad de Dos Hermanas C"]
[Site "Dos Hermanas ESP"]
[Date "2005.04.08"]
[Round "8.2"]
[White "Gutierrez Jimenez, Juan Manuel"]
[Black "Fernandez Garcia, Jose Luis"]
[Result "1/2-1/2"]
[WhiteElo "2150"]
[BlackElo "2468"]
[PlyCount "35"]
[EventDate "2005.04.01"]
[EventType "tourn"]
[EventRounds "1"]
[EventCountry "ESP"]
[Source "lmi"]
[SourceDate "2005.04.09"]

1. e4 Nf6 2. e5 Nd5 3. d4 d6 4. c4 Nb6 5. exd6 cxd6 6. Nc3 g6 7. Be3 Bg7 8. Rc1
O-O 9. b3 e5 10. dxe5 dxe5 11. Qxd8 Rxd8 12. c5 N6d7 13. Nf3 Nc6 14. Bc4 Na5
15. Be2 b6 16. cxb6 Nxb6 17. O-O Bb7 18. Rfd1 1/2-1/2

[Event "13. Ciudad de Dos Hermanas C"]
[Site "Dos Hermanas ESP"]
[Date "2005.04.08"]
[Round "8.4"]
[White "Razmyslov, Alexander"]
[Black "Ivanov, Jordan"]
[Result "1/2-1/2"]
[WhiteElo "2325"]
[BlackElo "2350"]
[PlyCount "22"]
[EventDate "2005.04.01"]
[EventType "tourn"]
[EventRounds "1"]
[EventCountry "ESP"]
[Source "lmi"]
[SourceDate "2005.04.09"]

1. c4 g6 2. Nc3 Bg7 3. g3 c5 4. Bg2 Nc6 5. a3 a5 6. Nf3 e5 7. O-O Nge7 8. Ne1
O-O 9. Nc2 d6 10. Ne3 Rb8 11. Rb1 h6 1/2-1/2

[Event "13. Ciudad de Dos Hermanas C"]
[Site "Dos Hermanas ESP"]
[Date "2005.04.08"]
[Round "8.5"]
[White "Kononenko, Tatiana"]
[Black "Komljenovic, Davor"]
[Result "1/2-1/2"]
[WhiteElo "2416"]
[BlackElo "2477"]
[PlyCount "22"]
[EventDate "2005.04.01"]
[EventType "tourn"]
[EventRounds "1"]
[EventCountry "ESP"]
[Source "lmi"]
[SourceDate "2005.04.09"]

1. d4 Nf6 2. c4 e6 3. Nf3 d5 4. Nc3 dxc4 5. e3 c5 6. Bxc4 a6 7. a4 Nc6 8. O-O
cxd4 9. exd4 Be7 10. Bg5 O-O 11. Qd2 Nb4 1/2-1/2

[Event "13. Ciudad de Dos Hermanas C"]
[Site "Dos Hermanas ESP"]
[Date "2005.04.09"]
[Round "9.1"]
[White "Komljenovic, Davor"]
[Black "Escobar Dominguez, Daniel"]
[Result "1-0"]
[WhiteElo "2477"]
[BlackElo "2351"]
[PlyCount "105"]
[EventDate "2005.04.01"]
[EventType "tourn"]
[EventRounds "1"]
[EventCountry "ESP"]
[Source "lmi"]
[SourceDate "2005.04.09"]

1. d4 d5 2. c4 e6 3. Nf3 Nf6 4. g3 dxc4 5. Bg2 c5 6. O-O Nc6 7. Qa4 Be7 8. dxc5
Qa5 9. Qxa5 Nxa5 10. Bd2 Nc6 11. Rc1 Bxc5 12. Rxc4 Be7 13. Nd4 Nxd4 14. Rxd4
O-O 15. Nc3 e5 16. Rc4 Rb8 17. Be3 a6 18. Ba7 Ra8 19. Bb6 Bd8 20. Bc5 Re8 21.
Rd1 Be6 22. Bxb7 Rb8 23. Bxa6 Bxc4 24. Bxc4 Ba5 25. Nd5 Rxb2 26. Nxf6+ gxf6 27.
Rd7 Rc8 28. Bxf7+ Kh8 29. Be7 Kg7 30. Ba3 Rb1+ 31. Kg2 Rc7 32. Rxc7 Bxc7 33.
Be6 Rb6 34. Bb3 f5 35. Bb2 Kg6 36. f3 f4 37. Kf2 Rb5 38. e4 Bb6+ 39. Ke2 Bg1
40. gxf4 exf4 41. h3 Be3 42. Kd3 Kg5 43. Bc3 Kh4 44. e5 Kxh3 45. e6 Rb7 46. Bd5
Ra7 47. Bb4 h5 48. e7 Rxe7 49. Bxe7 h4 50. Ke4 Kg3 51. Be6 Bb6 52. Bd6 Be3 53.
a4 1-0

[Event "13. Ciudad de Dos Hermanas C"]
[Site "Dos Hermanas ESP"]
[Date "2005.04.09"]
[Round "9.4"]
[White "Fernandez Garcia, Jose Luis"]
[Black "Hidalgo Begines, Pablo"]
[Result "1-0"]
[WhiteElo "2468"]
[BlackElo "2142"]
[PlyCount "40"]
[EventDate "2005.04.01"]
[EventType "tourn"]
[EventRounds "1"]
[EventCountry "ESP"]
[Source "lmi"]
[SourceDate "2005.04.09"]

1. e4 e6 2. d4 d5 3. exd5 exd5 4. Nf3 Nf6 5. Bd3 Bd6 6. O-O O-O 7. h3 h6 8. c4
dxc4 9. Bxc4 c6 10. Qd3 Nbd7 11. Bxh6 gxh6 12. Qg6+ Kh8 13. Qxh6+ Nh7 14. Qxd6
Qf6 15. Qxf6+ Ndxf6 16. Ne5 Kg7 17. Nc3 Ng5 18. Rad1 Bf5 19. f4 Nge4 20. g4 Nd6
1-0

[Event "13. Ciudad de Dos Hermanas C"]
[Site "Dos Hermanas ESP"]
[Date "2005.04.09"]
[Round "9.5"]
[White "Garrido Dominguez, Jesus"]
[Black "Gutierrez Jimenez, Juan Manuel"]
[Result "0-1"]
[WhiteElo "2315"]
[BlackElo "2150"]
[PlyCount "82"]
[EventDate "2005.04.01"]
[EventType "tourn"]
[EventRounds "1"]
[EventCountry "ESP"]
[Source "lmi"]
[SourceDate "2005.04.09"]

1. e4 e6 2. d4 d5 3. Nd2 c5 4. exd5 Qxd5 5. Ngf3 cxd4 6. Bc4 Qd6 7. O-O Nf6 8.
Nb3 Nc6 9. Nbxd4 Nxd4 10. Qxd4 Bd7 11. a4 Rc8 12. b3 Qxd4 13. Nxd4 Bb4 14. Bb2
Ne4 15. Nf3 f6 16. Rac1 Nc3 17. Nd4 Nxa4 18. Ba1 e5 19. Ne6 Rxc4 20. Nxg7+ Kf7
21. bxc4 Kxg7 22. Rb1 a5 23. c3 Nxc3 24. Bxc3 Bxc3 25. Rxb7 Rd8 26. c5 Kg6 27.
c6 Bxc6 28. Rc7 Bb5 29. Rxc3 Bxf1 30. Kxf1 Ra8 31. Ke2 a4 32. Ra3 Kf5 33. Ke3
Ra7 34. f3 Ke6 35. g4 Kd5 36. Kd2 Kc4 37. Kc2 Kb4 38. Ra2 a3 39. Kb1 Rd7 40.
Re2 Rd3 41. g5 Kb3 0-1

[Event "13. Ciudad de Dos Hermanas D"]
[Site "Dos Hermanas ESP"]
[Date "2005.04.01"]
[Round "1.1"]
[White "Perez Perez, Manuel Angel"]
[Black "Belezky, Sasha"]
[Result "0-1"]
[WhiteElo "2048"]
[BlackElo "2372"]
[PlyCount "42"]
[EventDate "2005.04.01"]
[EventType "tourn"]
[EventRounds "1"]
[EventCountry "ESP"]
[Source "lmi"]
[SourceDate "2005.04.09"]

1. e4 c5 2. Nf3 d6 3. d4 cxd4 4. Nxd4 Nf6 5. Nc3 g6 6. Be3 Bg7 7. f3 Nc6 8. Qd2
O-O 9. O-O-O Nxd4 10. Bxd4 Be6 11. Kb1 Qc7 12. h4 Rfc8 13. h5 Qa5 14. hxg6 hxg6
15. a3 Rab8 16. g4 b5 17. Qg5 Qc7 18. Bd3 b4 19. e5 bxc3 20. b4 Qa5 21. exf6
Rxb4+ 0-1

[Event "13. Ciudad de Dos Hermanas D"]
[Site "Dos Hermanas ESP"]
[Date "2005.04.01"]
[Round "1.2"]
[White "Jimenez Romero, Jose Antonio"]
[Black "Diaz Castro, Sergio"]
[Result "0-1"]
[WhiteElo "2095"]
[BlackElo "2252"]
[PlyCount "70"]
[EventDate "2005.04.01"]
[EventType "tourn"]
[EventRounds "1"]
[EventCountry "ESP"]
[Source "lmi"]
[SourceDate "2005.04.09"]

1. b3 e5 2. Bb2 d6 3. g3 f5 4. Bg2 Nf6 5. e3 Be7 6. c4 O-O 7. Ne2 c6 8. Nbc3 d5
9. cxd5 cxd5 10. d4 e4 11. O-O Nc6 12. a3 Be6 13. Nf4 Bf7 14. h4 Bd6 15. Rc1 h6
16. Nh3 Ng4 17. Re1 g5 18. hxg5 hxg5 19. Bf1 Qf6 20. Kg2 Qh6 21. Be2 Qxh3+ 22.
Kxh3 Nxf2+ 23. Kg2 Nxd1 24. Nxd1 Kg7 25. Rh1 Rh8 26. Nf2 Rac8 27. b4 Rxh1 28.
Nxh1 f4 29. gxf4 gxf4 30. exf4 Bxf4 31. Rc3 Kf6 32. Kf2 Rh8 33. Ng3 Rh2+ 34.
Ke1 Nxd4 35. Kd1 Ke7 0-1

[Event "13. Ciudad de Dos Hermanas D"]
[Site "Dos Hermanas ESP"]
[Date "2005.04.01"]
[Round "1.3"]
[White "Vega Gutierrez, Sabrina Neide"]
[Black "Gallardo Fernandez, Cesar"]
[Result "1-0"]
[WhiteElo "2253"]
[BlackElo "2162"]
[PlyCount "47"]
[EventDate "2005.04.01"]
[EventType "tourn"]
[EventRounds "1"]
[EventCountry "ESP"]
[Source "lmi"]
[SourceDate "2005.04.09"]

1. e4 e6 2. d4 d5 3. Nc3 Bb4 4. Nge2 Nf6 5. e5 Nfd7 6. f4 c5 7. a3 Bxc3+ 8.
Nxc3 Nc6 9. Be3 cxd4 10. Bxd4 g6 11. Bf2 b5 12. Bd3 Bb7 13. Ne2 g5 14. g3 Qe7
15. Rf1 Nc5 16. Nd4 Rc8 17. Nxc6 Bxc6 18. Bd4 Ne4 19. Qe2 h5 20. Qe3 g4 21.
O-O-O Bb7 22. f5 Qg5 23. Rf4 Rh6 24. Rxe4 1-0

[Event "13. Ciudad de Dos Hermanas D"]
[Site "Dos Hermanas ESP"]
[Date "2005.04.01"]
[Round "1.4"]
[White "Romero Garcia, Mariano"]
[Black "Alanis Honrado, Sergio"]
[Result "1-0"]
[WhiteElo "2171"]
[BlackElo "2000"]
[PlyCount "77"]
[EventDate "2005.04.01"]
[EventType "tourn"]
[EventRounds "1"]
[EventCountry "ESP"]
[Source "lmi"]
[SourceDate "2005.04.09"]

1. e4 g6 2. d4 Bg7 3. Nc3 Nc6 4. Be3 d5 5. e5 f6 6. f4 Nh6 7. Nf3 O-O 8. h3 a6
9. a4 fxe5 10. dxe5 e6 11. Qd2 Nf5 12. Bf2 b6 13. Be2 Nce7 14. Rd1 c5 15. g4
Nh6 16. Ne4 Qc7 17. Nf6+ Kh8 18. O-O Bb7 19. Bg3 Qc6 20. Nh4 Qxa4 21. Bf3 Rac8
22. b3 Qd4+ 23. Qxd4 cxd4 24. Rf2 Bxf6 25. exf6 Nc6 26. Re2 Rce8 27. Rde1 d3
28. cxd3 Nd4 29. Rf2 Nxf3+ 30. Nxf3 Nf7 31. Rfe2 Bc8 32. Nd4 Nd8 33. f5 gxf5
34. gxf5 Kg8 35. Be5 Kf7 36. Rc1 Rg8+ 37. Kh2 Nb7 38. Rc7+ Kf8 39. fxe6 1-0

[Event "13. Ciudad de Dos Hermanas D"]
[Site "Dos Hermanas ESP"]
[Date "2005.04.02"]
[Round "2.1"]
[White "Belezky, Sasha"]
[Black "Melero Fidalgo, Juan de Dios"]
[Result "1-0"]
[WhiteElo "2372"]
[BlackElo "2207"]
[PlyCount "65"]
[EventDate "2005.04.01"]
[EventType "tourn"]
[EventRounds "1"]
[EventCountry "ESP"]
[Source "lmi"]
[SourceDate "2005.04.09"]

1. e4 c5 2. Nf3 e6 3. d3 Nc6 4. g3 g6 5. Bg2 Bg7 6. O-O Nge7 7. Re1 d6 8. c3
O-O 9. Nbd2 a5 10. a4 b6 11. Nc4 Ba6 12. Ne3 Ne5 13. Nxe5 dxe5 14. Bf1 Qc7 15.
Qb3 Rad8 16. Nc4 Nc8 17. f4 Bxc4 18. Qxc4 exf4 19. Bxf4 e5 20. Bg5 Rde8 21. b4
Nd6 22. Qd5 Nb7 23. bxa5 Nxa5 24. Reb1 Re6 25. Qa2 c4 26. dxc4 Rc6 27. c5 bxc5
28. Bc4 Nxc4 29. Qxc4 Ra8 30. Rb5 h6 31. Be3 Bf8 32. Rab1 Rca6 33. Rb7 1-0

[Event "13. Ciudad de Dos Hermanas D"]
[Site "Dos Hermanas ESP"]
[Date "2005.04.02"]
[Round "2.2"]
[White "Alanis Honrado, Sergio"]
[Black "Pereira Figueroa, Manuel"]
[Result "0-1"]
[WhiteElo "2000"]
[BlackElo "2095"]
[PlyCount "56"]
[EventDate "2005.04.01"]
[EventType "tourn"]
[EventRounds "1"]
[EventCountry "ESP"]
[Source "lmi"]
[SourceDate "2005.04.09"]

1. d4 Nf6 2. c4 g6 3. Nc3 d5 4. cxd5 Nxd5 5. e4 Nxc3 6. bxc3 Bg7 7. Nf3 c5 8.
Bb5+ Bd7 9. Bxd7+ Nxd7 10. O-O O-O 11. Rb1 Qc7 12. Bb2 Rfd8 13. Qe2 Rac8 14. e5
e6 15. Nd2 cxd4 16. cxd4 Qa5 17. a3 Rc2 18. Bc1 Nb6 19. Qd3 Rc7 20. Nb3 Qxe5
21. Qf3 Qd5 22. Bf4 Qxf3 23. gxf3 Rc3 24. Be3 Nd5 25. Rfe1 b6 26. Kg2 Bf8 27.
a4 Bb4 28. Bd2 Rxb3 0-1

[Event "13. Ciudad de Dos Hermanas D"]
[Site "Dos Hermanas ESP"]
[Date "2005.04.02"]
[Round "2.4"]
[White "Diaz Castro, Sergio"]
[Black "Vega Gutierrez, Sabrina Neide"]
[Result "1-0"]
[WhiteElo "2252"]
[BlackElo "2253"]
[PlyCount "46"]
[EventDate "2005.04.01"]
[EventType "tourn"]
[EventRounds "1"]
[EventCountry "ESP"]
[Source "lmi"]
[SourceDate "2005.04.09"]

1. g3 d5 2. Bg2 c6 3. d3 Bg4 4. Nf3 Nd7 5. O-O Ngf6 6. c3 e5 7. Qc2 Bd6 8. e4
dxe4 9. dxe4 Bxf3 10. Bxf3 a5 11. Nd2 Qe7 12. Nc4 Bc5 13. a4 O-O 14. Nxa5 Rxa5
15. b4 Raa8 16. bxc5 Nxc5 17. Ba3 Rfd8 18. Rfb1 Rd7 19. Qe2 Rc7 20. Qc4 Nfd7
21. Bg4 b5 22. axb5 cxb5 23. Qxb5 Rac8 1-0

[Event "13. Ciudad de Dos Hermanas D"]
[Site "Dos Hermanas ESP"]
[Date "2005.04.02"]
[Round "2.5"]
[White "Perez Perez, Manuel Angel"]
[Black "Jimenez Romero, Jose Antonio"]
[Result "1-0"]
[WhiteElo "2048"]
[BlackElo "2095"]
[PlyCount "63"]
[EventDate "2005.04.01"]
[EventType "tourn"]
[EventRounds "1"]
[EventCountry "ESP"]
[Source "lmi"]
[SourceDate "2005.04.09"]

1. e4 d6 2. d4 Nf6 3. Nc3 g6 4. Bc4 Bg7 5. Qe2 c6 6. e5 dxe5 7. dxe5 Nd5 8. Bd2
Nxc3 9. Bxc3 b5 10. Bd3 a5 11. Nf3 b4 12. Bd2 Bg4 13. Bf4 Qc7 14. Qe3 e6 15.
Nd2 Nd7 16. Nc4 O-O 17. h3 Bf5 18. Bxf5 gxf5 19. g4 Rfe8 20. Rg1 Kh8 21. Nd6
Re7 22. O-O-O fxg4 23. Rxg4 Nf8 24. Rxg7 Kxg7 25. Bh6+ Kh8 26. Qg5 f5 27. exf6
Rf7 28. Nxf7+ Qxf7 29. Bg7+ Kg8 30. Qc5 Qc7 31. Bxf8 Qf4+ 32. Kb1 1-0

[Event "13. Ciudad de Dos Hermanas D"]
[Site "Dos Hermanas ESP"]
[Date "2005.04.03"]
[Round "3.1"]
[White "Jimenez Romero, Jose Antonio"]
[Black "Belezky, Sasha"]
[Result "0-1"]
[WhiteElo "2095"]
[BlackElo "2372"]
[PlyCount "44"]
[EventDate "2005.04.01"]
[EventType "tourn"]
[EventRounds "1"]
[EventCountry "ESP"]
[Source "lmi"]
[SourceDate "2005.04.09"]

1. b3 e5 2. Bb2 Nc6 3. e3 Nf6 4. g3 d5 5. Bg2 Bf5 6. d3 Qd7 7. Nd2 O-O-O 8. Ne2
Bh3 9. O-O h5 10. Nf3 h4 11. Nxe5 Nxe5 12. Bxe5 hxg3 13. Bxg3 Bd6 14. Nf4 Bxf4
15. exf4 Bxg2 16. Kxg2 Qh3+ 17. Kg1 Ng4 18. Re1 Nxh2 19. Re7 Nf1 20. Qf3 Nxg3
21. fxg3 Qh2+ 22. Kf1 Qh1+ 0-1

[Event "13. Ciudad de Dos Hermanas D"]
[Site "Dos Hermanas ESP"]
[Date "2005.04.03"]
[Round "3.2"]
[White "Vega Gutierrez, Sabrina Neide"]
[Black "Perez Perez, Manuel Angel"]
[Result "1-0"]
[WhiteElo "2253"]
[BlackElo "2048"]
[PlyCount "51"]
[EventDate "2005.04.01"]
[EventType "tourn"]
[EventRounds "1"]
[EventCountry "ESP"]
[Source "lmi"]
[SourceDate "2005.04.09"]

1. e4 e5 2. Nf3 d5 3. exd5 Bd6 4. d4 e4 5. Ne5 Nf6 6. Nc3 O-O 7. Bg5 Bf5 8. g4
Bg6 9. h4 h6 10. h5 Bh7 11. Bh4 Nbd7 12. Nxd7 Qxd7 13. Bh3 Qe7 14. Qd2 e3 15.
Qxe3 Qd8 16. O-O-O c6 17. Qf3 Qa5 18. Bxf6 gxf6 19. Qxf6 Ba3 20. Qf3 cxd5 21.
Nxd5 Rac8 22. Nf6+ Kh8 23. Nxh7 Bxb2+ 24. Kxb2 Rxc2+ 25. Kxc2 Rc8+ 26. Kb1 1-0

[Event "13. Ciudad de Dos Hermanas D"]
[Site "Dos Hermanas ESP"]
[Date "2005.04.03"]
[Round "3.5"]
[White "Melero Fidalgo, Juan de Dios"]
[Black "Alanis Honrado, Sergio"]
[Result "1-0"]
[WhiteElo "2207"]
[BlackElo "2000"]
[PlyCount "57"]
[EventDate "2005.04.01"]
[EventType "tourn"]
[EventRounds "1"]
[EventCountry "ESP"]
[Source "lmi"]
[SourceDate "2005.04.09"]

1. e4 e6 2. d4 d5 3. Nc3 Bb4 4. e5 c5 5. Bd2 Nh6 6. Nb5 Bxd2+ 7. Qxd2 O-O 8.
dxc5 Nc6 9. f4 b6 10. Nd4 Nxd4 11. Qxd4 Nf5 12. Qf2 Qe7 13. c6 Qc5 14. Nf3 Qxc6
15. Bd3 a5 16. O-O-O Qa4 17. g3 Ba6 18. Bxf5 exf5 19. Kb1 Qb5 20. Nd4 Qc5 21.
g4 fxg4 22. h3 b5 23. hxg4 a4 24. Qh2 h6 25. Nf5 Qb6 26. g5 a3 27. gxh6 g6 28.
h7+ Kh8 29. Qh6 1-0

[Event "13. Ciudad de Dos Hermanas D"]
[Site "Dos Hermanas ESP"]
[Date "2005.04.04"]
[Round "4.1"]
[White "Belezky, Sasha"]
[Black "Alanis Honrado, Sergio"]
[Result "1/2-1/2"]
[WhiteElo "2372"]
[BlackElo "2000"]
[PlyCount "83"]
[EventDate "2005.04.01"]
[EventType "tourn"]
[EventRounds "1"]
[EventCountry "ESP"]
[Source "lmi"]
[SourceDate "2005.04.09"]

1. b3 d5 2. Bb2 c5 3. e3 Nf6 4. f4 Bg4 5. Nf3 e6 6. Be2 Be7 7. Ne5 Bxe2 8. Qxe2
O-O 9. O-O Nbd7 10. c4 Nxe5 11. fxe5 Nd7 12. cxd5 exd5 13. Qg4 d4 14. exd4 cxd4
15. Bxd4 Bc5 16. Bxc5 Nxc5 17. d4 Ne6 18. Rd1 Qb6 19. Nc3 Rad8 20. Ne2 Rd5 21.
Kh1 Rfd8 22. Rac1 h6 23. h3 Nxd4 24. Nxd4 Rxd4 25. Rxd4 Rxd4 26. Qf3 Rd8 27.
Rc4 Qa5 28. Qe2 Qd5 29. Qe3 a6 30. Rc5 Qd2 31. Qxd2 Rxd2 32. Rc8+ Kh7 33. Rc7
Rxa2 34. Rxb7 Re2 35. Rxf7 Rxe5 36. Kg1 Rb5 37. Rf3 a5 38. Kf2 Rb4 39. Kg3 a4
40. bxa4 Rxa4 41. Rf4 Ra2 42. Rc4 1/2-1/2

[Event "13. Ciudad de Dos Hermanas D"]
[Site "Dos Hermanas ESP"]
[Date "2005.04.04"]
[Round "4.2"]
[White "Gallardo Fernandez, Cesar"]
[Black "Melero Fidalgo, Juan de Dios"]
[Result "1/2-1/2"]
[WhiteElo "2162"]
[BlackElo "2207"]
[PlyCount "29"]
[EventDate "2005.04.01"]
[EventType "tourn"]
[EventRounds "1"]
[EventCountry "ESP"]
[Source "lmi"]
[SourceDate "2005.04.09"]

1. e4 e5 2. Nf3 Nf6 3. Nxe5 d6 4. Nf3 Nxe4 5. d4 Be7 6. Bd3 Nf6 7. O-O O-O 8.
c4 Bg4 9. Nc3 Nbd7 10. Re1 Re8 11. Bf4 c6 12. h3 Bh5 13. Re3 Nf8 14. Bg3 a6 15.
a4 1/2-1/2

[Event "13. Ciudad de Dos Hermanas D"]
[Site "Dos Hermanas ESP"]
[Date "2005.04.04"]
[Round "4.4"]
[White "Perez Perez, Manuel Angel"]
[Black "Romero Garcia, Mariano"]
[Result "0-1"]
[WhiteElo "2048"]
[BlackElo "2171"]
[PlyCount "107"]
[EventDate "2005.04.01"]
[EventType "tourn"]
[EventRounds "1"]
[EventCountry "ESP"]
[Source "lmi"]
[SourceDate "2005.04.09"]

1. e4 c5 2. Nf3 d6 3. d4 cxd4 4. Nxd4 Nf6 5. Nc3 g6 6. g3 Bg7 7. Bg2 O-O 8. O-O
Nc6 9. Nde2 Rb8 10. a4 a6 11. Bg5 h6 12. Bf4 b5 13. axb5 axb5 14. Nd5 Kh7 15.
h3 Nd7 16. c3 Nb6 17. g4 Nc4 18. b3 Nb6 19. Be3 Nd7 20. Nd4 Nxd4 21. Bxd4 Bxd4
22. cxd4 Bb7 23. Nb4 Qb6 24. Qd3 Rfd8 25. Rfd1 Nf6 26. d5 Nd7 27. Bf1 Ba8 28.
Ra6 Qc5 29. Qd2 Ne5 30. Kg2 Rdc8 31. f4 Nd7 32. Nc6 Bxc6 33. Rc1 Qxc1 34. Qxc1
Bb7 35. Rc6 Bxc6 36. dxc6 Nc5 37. b4 Nxe4 38. Qe3 d5 39. Qa7 Ra8 40. Qxe7 Ra2+
41. Kg1 Kg7 42. Qe5+ Kg8 43. Qxd5 Nc3 44. Qb3 Ne2+ 45. Bxe2 Rxe2 46. Qd5 Rc2
47. f5 gxf5 48. gxf5 R2xc6 49. Qxb5 Rc2 50. Qd3 Rc1+ 51. Kf2 R8c2+ 52. Ke3 Rc3
53. Kd4 Rxd3+ 54. Kxd3 0-1

[Event "13. Ciudad de Dos Hermanas D"]
[Site "Dos Hermanas ESP"]
[Date "2005.04.04"]
[Round "4.5"]
[White "Jimenez Romero, Jose Antonio"]
[Black "Vega Gutierrez, Sabrina Neide"]
[Result "0-1"]
[WhiteElo "2095"]
[BlackElo "2253"]
[PlyCount "74"]
[EventDate "2005.04.01"]
[EventType "tourn"]
[EventRounds "1"]
[EventCountry "ESP"]
[Source "lmi"]
[SourceDate "2005.04.09"]

1. Nf3 c5 2. b3 Nc6 3. Bb2 d6 4. e3 e5 5. d3 f5 6. Nc3 a6 7. a4 Nf6 8. g3 g6 9.
Bg2 Bg7 10. O-O O-O 11. Re1 h6 12. Qd2 g5 13. Qe2 Be6 14. Rab1 Qd7 15. Nd2 f4
16. Nce4 Rae8 17. Nxf6+ Rxf6 18. Ne4 Rf7 19. exf4 gxf4 20. c3 Ref8 21. f3 fxg3
22. hxg3 Bxb3 23. Ra1 Kh8 24. Kh2 Be6 25. Rh1 Qe7 26. Kg1 d5 27. Nf2 Qg5 28.
Bc1 Qxg3 29. Bxh6 Kg8 30. f4 Bxh6 31. Rxh6 Rg7 32. Rh2 Qxf4 33. Rf1 Qg5 34. Kh1
Ne7 35. Qh5 Qxh5 36. Rxh5 Nf5 37. Kh2 Ng3 0-1

[Event "13. Ciudad de Dos Hermanas D"]
[Site "Dos Hermanas ESP"]
[Date "2005.04.05"]
[Round "5.1"]
[White "Vega Gutierrez, Sabrina Neide"]
[Black "Belezky, Sasha"]
[Result "1-0"]
[WhiteElo "2253"]
[BlackElo "2372"]
[PlyCount "61"]
[EventDate "2005.04.01"]
[EventType "tourn"]
[EventRounds "1"]
[EventCountry "ESP"]
[Source "lmi"]
[SourceDate "2005.04.09"]

1. e4 c5 2. Nf3 d6 3. d4 cxd4 4. Qxd4 Nf6 5. Nc3 Nc6 6. Bb5 Bd7 7. Bxc6 Bxc6 8.
Bg5 e6 9. O-O-O Be7 10. Rhe1 Qa5 11. Qd2 O-O 12. Kb1 Kh8 13. Nd4 Rfe8 14. f3 a6
15. h4 Qc7 16. g4 b5 17. Nce2 Bb7 18. Ng3 Rad8 19. Nh5 Nxh5 20. gxh5 Bxg5 21.
hxg5 e5 22. Nf5 d5 23. g6 fxg6 24. hxg6 hxg6 25. Rh1+ Kg8 26. Rdg1 dxe4 27. Qh2
Kf7 28. Qh7 Ke6 29. Nxg7+ Kd6 30. Nxe8+ Rxe8 31. Rxg6+ 1-0

[Event "13. Ciudad de Dos Hermanas D"]
[Site "Dos Hermanas ESP"]
[Date "2005.04.05"]
[Round "5.2"]
[White "Romero Garcia, Mariano"]
[Black "Jimenez Romero, Jose Antonio"]
[Result "1/2-1/2"]
[WhiteElo "2171"]
[BlackElo "2095"]
[PlyCount "148"]
[EventDate "2005.04.01"]
[EventType "tourn"]
[EventRounds "1"]
[EventCountry "ESP"]
[Source "lmi"]
[SourceDate "2005.04.09"]

1. e4 d6 2. d4 Nf6 3. Nc3 g6 4. Bg5 Bg7 5. e5 Nfd7 6. exd6 cxd6 7. Qd2 Nc6 8.
Nf3 Qa5 9. h4 Nf6 10. O-O-O a6 11. Kb1 b5 12. Bxf6 Bxf6 13. Nd5 O-O 14. Nxf6+
exf6 15. Bd3 Qxd2 16. Rxd2 Re8 17. d5 Ne5 18. Re1 Bd7 19. Nxe5 Rxe5 20. Rde2 a5
21. f4 Rxe2 22. Rxe2 Kf8 23. Kc1 Rc8 24. b3 b4 25. Kd2 Rc5 26. Bc4 Bb5 27. Re4
Bd7 28. Rd4 f5 29. c3 Bc8 30. cxb4 axb4 31. Kc2 Bb7 32. Kb2 Ke7 33. a3 bxa3+
34. Kxa3 Ra5+ 35. Kb4 Rc5 36. Ka4 Kd8 37. b4 Rc7 38. b5 Kc8 39. Kb4 Re7 40. b6
Re4 41. Kc3 Rxd4 42. Kxd4 h6 43. Bb5 Kd8 44. Bc6 Ba6 45. b7 Kc7 46. Be8 Bxb7
47. Bxf7 Bc8 48. Bxg6 Kd8 49. Kc4 Bd7 50. Kd4 Ke7 51. Ke3 Kf6 52. Bh5 Ba4 53.
g4 fxg4 54. Bxg4 Bc2 55. Be6 Bd1 56. Kf2 Bc2 57. Kg3 Bd1 58. Bg4 Bc2 59. Bf3
Kf5 60. Bg2 Bd1 61. Bh3+ Kf6 62. Kf2 Bc2 63. Ke3 Bd1 64. Kd4 Bc2 65. Bg4 Bb1
66. Kc4 Ke7 67. Kb4 Bc2 68. Ka5 Be4 69. Be6 Kf6 70. Kb6 Bxd5 71. Bxd5 Kf5 72.
Kc6 h5 73. Kxd6 Kxf4 74. Bf7 Kg3 1/2-1/2